000 00471nam a2200157 4500
001 132771
003 ES-MaACL
005 20230906194239.0
007 t|
008 070214s1961 sp r ||||1| spa d
100 1 _aRosa, Julio M. de la.
_999606
245 1 0 _aNo estamos solos
_b: narraciones /
_cJulio M. de la Rosa.
260 _aSevilla :
_b[s. n.],
_c1961 (
_fImp. Artes Gráficas Salesianas)
300 _a126 p. ;
_c15 cm.
852 _aES-MaACL
_jC-20875
_bR.49518
999 _c132771
_d132771